00273nam a2200097Ia 4500008004100000041000800041100002600049245005000075260003100125999001900156241105s9999 xx 000 0 und d aeng aBora Rutuja R9182882 aYouth Developement And Recreation Centre Pune bBNCA B-Arch ID, Punec2016 c361175d361175